[Event "BEL-ch U16"]
[Site "Blankenberge"]
[Date "2015.04.15"]
[Round "5"]
[White "Steegmans, Pieter"]
[Black "Vanhercke, Hugo"]
[Result "1-0"]
[WhiteElo "1613"]
[BlackElo "1150"]
[PlyCount "67"]
[EventDate "2015.04.12"]
[EventType "swiss"]
[EventRounds "9"]
[EventCountry "BEL"]
[SourceTitle "CBM 166 Extra"]
[Source "ChessBase"]
[SourceDate "2015.06.18"]
[SourceVersion "1"]
[SourceVersionDate "2015.06.18"]
[SourceQuality "1"]

1. e4 e5 2. Nf3 Nc6 3. d4 exd4 4. Nxd4 Bd6 5. Nc3 Nf6 6. Nf5 Bb4 7. Nxg7+ Kf8 8. Bh6 Ke7 9. Nf5+ Ke8 10. Bd3 d5 11. Ng7+ Ke7 12. exd5 Qxd5 13. 0-0 Bxc3 14. bxc3 Rg8 15. c4 Qc5 16. Re1+ Ne5 17. h3 Bd7 18. Bf4 Qc6 19. Rxe5+ Be6 20. Nf5+ Ke8 21. f3 Rd8 22. Qe2 Nh5 23. Bh2 Kf8 24. Nh6 Ng3 25. Qf2 f6 26. Nxg8 fxe5 27. Qxg3 Bxg8 28. Qxe5 Bxc4 29. Bxc4 Qxc4 30. Qh8+ Ke7 31. Re1+ Kd7 32. Rd1+ Kc6 33. Qxd8 Qxc2 34. Qxc7+ 1-0

[Event "BEL-ch U16"]
[Site "Blankenberge"]
[Date "2015.04.13"]
[Round "2"]
[White "Vanhercke, Hugo"]
[Black "Jalalijam, Amir"]
[Result "0-1"]
[WhiteElo "1150"]
[BlackElo "1434"]
[PlyCount "120"]
[EventDate "2015.04.12"]
[EventType "swiss"]
[EventRounds "9"]
[EventCountry "BEL"]
[SourceTitle "CBM 166 Extra"]
[Source "ChessBase"]
[SourceDate "2015.06.18"]
[SourceVersion "1"]
[SourceVersionDate "2015.06.18"]
[SourceQuality "1"]

1. e4 e5 2. Nf3 Nc6 3. Bc4 Bc5 4. Nc3 Nf6 5. d3 h6 6. Nd5 d6 7. Bd2 0-0 8. b4 Bb6 9. b5 Na5 10. Nxb6 axb6 11. Bd5 Nxd5 12. exd5 Bd7 13. c4 e4 14. Bxa5 Rxa5 15. dxe4 Re8 16. Nd2 c6 17. a4 c5 18. f3 Qh4+ 19. Ke2 f5 20. g3 Qh5 21. Kf2 Qf7 22. Re1 f4 23. g4 Raa8 24. Nb3 Re5 25. a5 bxa5 26. Nxa5 Rb8 27. Qa4 h5 28. h3 Qe7 29. Nxb7 Rxb7 30. Qa8+ Be8 31. gxh5 Kh7 32. Qc8 Qd7 33. Qc6 Bxh5 34. Rh1 Re8 35. Ra6 Rd8 36. e5 dxe5 37. Qxc5 Rc8 38. Rc6 Ra8 39. Ra6 Rc7 40. Qb4 Rb8 41. Qc3 Qxd5 42. Qc2+ Kg8 43. Ra4 Qxf3+ 44. Kg1 Qe3+ 45. Kf1 f3 46. Rh2 e4 47. b6 Qxb6 48. Qxe4 Qb1+ 49. Qxb1 Rxb1+ 50. Kf2 Rb2+ 51. Kg1 Rb1+ 52. Kf2 Rc1 53. Ra8+ Kh7 54. Ra5 g6 55. h4 R7xc4 56. Ra7+ Kh6 57. Rh3 R1c2+ 58. Kf1 f2 59. Re3 Rg4 60. Rae7 Rg1# 0-1